Text Book On Personality Development/ (Record no. 51965)

MARC details
000 -LEADER
fixed length control field 00527nam a22001697a 4500
003 - CONTROL NUMBER IDENTIFIER
control field OSt
008 - FIXED-LENGTH DATA ELEMENTS--GENERAL INFORMATION
fixed length control field 260611b |||||||| |||| 00| 0 eng d
020 ## - INTERNATIONAL STANDARD BOOK NUMBER
International Standard Book Number 9789349045774
082 ## - DEWEY DECIMAL CLASSIFICATION NUMBER
Classification number 158.1
Item number D53T
100 ## - MAIN ENTRY--PERSONAL NAME
Personal name Dhulgand, V.G.
245 ## - TITLE STATEMENT
Title Text Book On Personality Development/
Remainder of title by V.G. Dhulgand and J.M. Deshmukh
260 ## - PUBLICATION, DISTRIBUTION, ETC. (IMPRINT)
Place of publication, distribution, etc Jodhpur :
Name of publisher, distributor, etc Agrobios (India),
Date of publication, distribution, etc 2025.
300 ## - PHYSICAL DESCRIPTION
Extent 95 p.
650 ## - SUBJECT ADDED ENTRY--TOPICAL TERM
Topical term or geographic name as entry element Philosophy and related disciplines | Psychology | Personality development
700 ## - ADDED ENTRY--PERSONAL NAME
Personal name Deshmukh, J.M.
942 ## - ADDED ENTRY ELEMENTS (KOHA)
Source of classification or shelving scheme
Koha item type Books
Holdings
Withdrawn status Lost status Source of classification or shelving scheme Damaged status Not for loan Home library Current library Shelving location Date acquired Source of acquisition Cost, normal purchase price Total Checkouts Full call number Barcode Date last seen Bill Date Koha item type Bill Number
          Dr. Rajendra Prasad Central Agricultural University Pusa, Dr. Rajendra Prasad Central Agricultural University Pusa, General Stacks 11/06/2026 Agrobios (India) 150.00   158.1 D53T 88265 11/06/2026 22/01/2026 Books Invoice No. AB/25-26/311
Hosted, Implemented, Customized & Maintained by: BestBookBuddies

Powered by Koha